000 01097cab a22002055a 4500
001 L142980
008 080213s2007 xxkd f s 000 0 eng d
035 _a(Sirsi) u142980
041 _aeng
110 2 _aHome Builders Federation
_94896
245 _aHBF regional survey of house builders
_bFebruary 2008
260 _c2008
490 _aHousing Market Report
_v(190) January 2008, 7-11(5)
520 _aFinds that in February 2008, site visitors and net reservations were both lower than a year previous. The balance reporting lower reservations worsened. The balance of house builders reporting a seasonal rise in visitors since January was stronger than the balance reporting an upturn in reservations. Suggests that this may reflect difficulties in obtaining mortgages. Net new home prices continued to decline. A balance of 6% of house builders expected to increase new home sales in 2008.
590 _aKA
650 2 4 _aHBF REGIONAL SURVEY OF HOUSE BUILDERS
651 4 _aEngland and Wales
_y1543-
690 _aPROPERTY-RESIDENTIAL PROPERTY-RESIDENTIAL PROPERTY MARKET
942 _n0
999 _c79997
_d79997